[Event "Challenge"]
[Site "http://www.queenalice.com/game.php?id=351462"]
[Date "2008.2.9"]
[Round "-"]
[White "Narciso"]
[Black "oldfar"]
[Result "0-1"]
[WhiteElo "1419"]
[BlackElo "1100"]

1. e4 e5 2. d3 Nf6 3. Bg5 Nc6 4. Bxf6 Qxf6 5. a3 Bc5 6. f3 O-O 7. Nc3 Ne7 8. Nb5
Qb6 9. c4 Bxg1 10. Qe2 Bc5 11. h3 c6 12. Nc3 d6 13. Na4 Bf2+ 14. Qxf2 Qxf2+ 15.
Kxf2 f5 16. Be2 Bd7 17. b3 Rac8 18. Rac1 c5 19. Nc3 a6 20. Nd5 Nxd5 21. cxd5 f4
22. g3 g5 23. g4 h6 24. Kg2 Kg7 25. b4 b6 26. bxc5 bxc5 27. Rb1 Ba4 28. Rb7+ Rf7
29. Rb6 Rff8 30. Rxd6 a5 31. Rb1 Rb8 32. Rc1 Rb2 33. Rd7+ Rf7 34. Rxf7+ Kxf7 35.
Kf2 Bb5 36. a4 Bxd3 37. Rxc5 Rxe2+ 38. Kf1 Rc2+ 39. Ke1 Rxc5 40. d6 Ke8 41. Kd2
Bc2 42. d7+ Kxd7 0-1

[Event "Let's Play Chess!"]
[Site "http://www.queenalice.com/game.php?id=382455"]
[Date "2008.4.6"]
[Round "-"]
[White "soccer6"]
[Black "oldfar"]
[Result "0-1"]
[WhiteElo "1515"]
[BlackElo "1567"]

1. d4 d5 2. Nc3 Nc6 3. Nf3 Bg4 4. e3 e6 5. g3 Bb4 6. a3 Bxc3+ 7. bxc3 Nf6 8. Bg2
Qe7 9. O-O O-O-O 10. Bd2 e5 11. Qb1 Ne4 12. Be1 h5 13. Qb2 g5 14. Rb1 b6 15. Nd2
f5 16. a4 a5 17. c4 dxc4 18. Nxc4 Kd7 19. dxe5 Rhe8 20. Rd1+ Kc8 21. Rxd8+ Rxd8
0-1

[Event "Let's Play Chess!"]
[Site "http://www.queenalice.com/game.php?id=390794"]
[Date "2008.4.20"]
[Round "-"]
[White "MAGI"]
[Black "oldfar"]
[Result "1-0"]
[WhiteElo "1500"]
[BlackElo "1617"]

1. d4 d5 2. Nf3 Nc6 3. Nc3 e6 4. a3 Nf6 5. Bg5 h6 6. Bxf6 gxf6 7. e4 Qe7 8. Qe2
e5 9. Nxd5 Qd6 10. dxe5 fxe5 11. O-O-O Be6 12. Nf6+ 1-0

[Event "Challenge"]
[Site "http://www.queenalice.com/game.php?id=399923"]
[Date "2008.5.8"]
[Round "-"]
[White "oldfar"]
[Black "MAGI"]
[Result "1/2-1/2"]
[WhiteElo "1552"]
[BlackElo "1647"]

1. d4 d5 2. Nf3 e6 3. a3 Nf6 4. Nbd2 Nc6 5. e3 Bd7 6. c3 Ne4 7. Bd3 Nxd2 8. Bxd2
a6 9. O-O g5 10. e4 Bh6 11. Ne5 Nxe5 12. dxe5 Bb5 13. Bxb5+ axb5 14. a4 c6 15.
axb5 dxe4 16. Re1 O-O 17. Rxe4 Qd5 18. Rg4 Qxe5 19. h4 Rfd8 20. Rxa8 Rxa8 21.
hxg5 Bg7 22. bxc6 bxc6 23. f4 Qc5+ 24. Kh2 Rd8 25. Qc2 Qf2 26. Qb3 Qxd2 27. c4
Rd3 28. Qb8+ Rd8 29. Qc7 Qd6 30. Qxd6 Rxd6 31. b3 c5 32. Rg3 Rd4 33. Rf3 e5 34.
fxe5 Bxe5+ 35. Kh3 f6 36. gxf6 Kf7 37. g4 Bxf6 38. Rf5 Rd3+ 39. Kg2 Rxb3 40. g5
Rc3 41. gxf6 Rxc4 42. Kf2 Rc2+ 43. Ke3 Rc3+ 44. Kd2 Rg3 45. Rxc5 Kxf6 46. Ke2
Rg5 47. Rc6+ Kg7 48. Kf3 h5 49. Rc7+ Kh6 50. Rc6+ Rg6 51. Rxg6+ Kxg6 52. Kg3 Kg5
53. Kh3 h4 54. Kh2 Kg4 55. Kg2 h3+ 56. Kh2 Kh4 57. Kh1 Kg3 58. Kg1 h2+ 59. Kh1
Kh3 1/2-1/2

[Event "Challenge"]
[Site "http://www.queenalice.com/game.php?id=437172"]
[Date "2008.7.22"]
[Round "-"]
[White "GMBenoliel"]
[Black "oldfar"]
[Result "1-0"]
[WhiteElo "1869"]
[BlackElo "1553"]

1. e4 e5 2. Nf3 Nc6 3. Bb5 a6 4. Ba4 Nf6 5. d3 Be7 6. Nc3 d6 7. O-O b5 8. Bb3
Bb7 9. Be3 Qd7 10. Ng5 h6 11. Nf3 O-O 12. d4 Nxd4 13. Bxd4 exd4 14. Qxd4 c5 15.
Qd3 c4 16. Bxc4 bxc4 17. Qxc4 Rac8 18. Qd3 Rfd8 19. Rfe1 d5 20. e5 Ng4 21. h3
Bc5 22. hxg4 Qxg4 23. Rad1 d4 24. Ne2 Bxf3 25. Qxf3 Qxf3 26. gxf3 h5 27. f4 Bb4
28. c3 dxc3 29. bxc3 Rxd1 30. Rxd1 Bxc3 31. Nxc3 Rxc3 32. Rd8+ Kh7 33. f5 h4 34.
Rd7 Rc1+ 35. Kg2 Kg8 36. Rd8+ Kh7 37. Rd7 Kg8 38. e6 fxe6 39. fxe6 Kf8 40. f4
Rc2+ 41. Kh3 Rxa2 42. Kxh4 Rh2+ 43. Kg5 Rg2+ 44. Kf5 Ke8 45. Ra7 Ra2 46. Rxg7
Re2 47. Kf6 Rd2 48. Rg8# 1-0

[Event "Challenge"]
[Site "http://www.queenalice.com/game.php?id=437173"]
[Date "2008.7.22"]
[Round "-"]
[White "oldfar"]
[Black "GMBenoliel"]
[Result "0-1"]
[WhiteElo "1563"]
[BlackElo "1865"]

1. d4 d5 2. Nf3 Nf6 3. Nbd2 Bg4 4. h3 Bh5 5. e3 e6 6. Bd3 Bd6 7. b3 Nc6 8. Bb2
Qd7 9. Qe2 O-O-O 10. c4 Nb4 11. g4 Nxd3+ 12. Qxd3 Bg6 13. Qf1 Rhe8 14. a4 dxc4
15. Nxc4 Bb4+ 16. Ncd2 Be4 17. Ne5 Qd5 18. f3 Qxb3 19. fxe4 Qxb2 20. Rd1 Nxe4
21. Ke2 Nxd2 22. Qxf7 Nc4+ 23. Kf3 Rf8 0-1

[Event "Challenge"]
[Site "http://www.queenalice.com/game.php?id=444744"]
[Date "2008.8.6"]
[Round "-"]
[White "zonszein"]
[Black "oldfar"]
[Result "1-0"]
[WhiteElo "2156"]
[BlackElo "1553"]

1. e4 Nf6 2. e5 Nd5 3. d4 e6 4. c4 Bb4+ 5. Bd2 Bxd2+ 6. Nxd2 Ne7 7. Bd3 Nbc6 8.
Qg4 g6 9. Ne4 f5 10. Nf6+ Kf7 11. Qh4 h5 12. Nf3 Nb4 13. Ng5+ Kg7 14. Be2 Nc2+
15. Kd2 Nxa1 16. Bxh5 c6 17. Rxa1 Qa5+ 18. Kc2 Qa4+ 19. b3 Qa5 20. Ne8+ Rxe8 21.
Bxg6 Nxg6 22. Qh7+ Kf8 23. Qf7# 1-0

[Event "Let's Play Chess!"]
[Site "http://www.queenalice.com/game.php?id=471651"]
[Date "2008.10.2"]
[Round "-"]
[White "mufra22"]
[Black "oldfar"]
[Result "1-0"]
[WhiteElo "1343"]
[BlackElo "1606"]

1. e4 e5 2. Nf3 Nc6 3. Bc4 Nf6 4. d3 d5 5. exd5 Nxd5 6. O-O f6 7. Re1 Bg4 8. h3
Bxf3 9. Qxf3 Ndb4 10. Bb3 Nd4 11. Qxb7 Nbxc2 12. Bxc2 Nxc2 13. Qc6+ Kf7 14. Qxc2
h5 15. Qc4+ Kg6 16. Nc3 Rc8 17. Qe6 Kh7 18. Be3 Qe7 19. Qxc8 g5 20. Qf5+ Kg8 21.
Nd5 Qh7 22. Nxf6+ 1-0

[Event "Let's Play Chess!"]
[Site "http://www.queenalice.com/game.php?id=474430"]
[Date "2008.10.8"]
[Round "-"]
[White "shimon"]
[Black "oldfar"]
[Result "1/2-1/2"]
[WhiteElo "1128"]
[BlackElo "1562"]

1. e3 e5 2. g3 c6 3. Ne2 d5 4. Bg2 Nf6 5. O-O Bg4 6. d3 h5 7. Nbc3 h4 8. f3 h3
9. fxg4 hxg2 10. Kxg2 Nxg4 11. h3 Nxe3+ 12. Bxe3 d4 13. Bf2 dxc3 14. Nxc3 Qd7
15. Rh1 f5 16. Qe2 Bd6 17. Rae1 Na6 18. d4 O-O-O 19. dxe5 Rde8 20. Qc4 Bb4 21.
e6 Qc7 22. a3 Bf8 23. b4 b5 24. Qe2 g6 25. Rd1 Qb7 26. Rd7 Nc7 27. e7 c5+ 28.
Kh2 Qc6 29. Rd8+ Rxd8 30. exd8=Q+ Kxd8 31. Rd1+ Bd6 32. Qd2 Kc8 33. Qxd6 Qf3 34.
Qd7+ Kb7 35. Be1 g5 36. Rd3 Qh5 37. h4 Rh7 38. Qxf5 c4 39. Qe4+ Kc8 40. Nxb5
cxd3 41. Qf5+ Kb7 42. Nd6+ Kc6 43. Qc5+ Kd7 44. b5 Qe2+ 45. Bf2 d2 46. Qc6+ Kd8
47. Nb7+ Kc8 48. Nd6+ Kd8 49. Nb7+ Kc8 50. Nd6+ Kd8 51. Nb7+ Kc8 52. Nd6+ Kd8
1/2-1/2

[Event "Let's Play Chess!"]
[Site "http://www.queenalice.com/game.php?id=474892"]
[Date "2008.10.9"]
[Round "-"]
[White "oldfar"]
[Black "JulianoZontaSC"]
[Result "0-1"]
[WhiteElo "1562"]
[BlackElo "2146"]

1. d4 Nf6 2. Nc3 g6 3. e4 Bg7 4. Nf3 d6 5. h3 c6 6. e5 dxe5 7. dxe5 Qxd1+ 8.
Nxd1 Nd5 9. Ne3 Bf5 10. Bd3 Bxd3 11. cxd3 Nb4 12. Kd2 Nd7 13. Kc3 a5 14. a3 Na6
15. Nc4 Nc7 16. Re1 b5 17. Ne3 Nxe5 18. Nxe5 Bxe5+ 19. d4 Bg7 20. Ng4 c5 21. Ne5
Nd5+ 22. Kd3 Rd8 23. Nc6 Rd6 24. Nxa5 Bxd4 25. Be3 Nxe3 26. Nb3 Nf5 27. Nxd4
Nxd4 28. Rac1 Nb3+ 29. Kc2 Nxc1 30. Kxc1 e6 31. b3 Ke7 32. Re5 Rd5 33. Rxd5 exd5
34. Kd2 c4 35. bxc4 bxc4 36. Kc3 Kd6 37. f4 Kc5 38. g4 d4+ 39. Kd2 Rb8 40. Kc1
d3 0-1

[Event "Challenge"]
[Site "http://www.queenalice.com/game.php?id=496933"]
[Date "2008.11.22"]
[Round "-"]
[White "oldfar"]
[Black "mufra22"]
[Result "0-1"]
[WhiteElo "1562"]
[BlackElo "1723"]

1. d4 e6 2. e3 c5 3. c3 cxd4 4. cxd4 a6 5. Bd3 Nc6 6. Nf3 Nf6 7. O-O Be7 8. Re1
O-O 9. Nbd2 Qc7 10. h3 b5 11. e4 d6 12. Qc2 e5 13. dxe5 dxe5 14. Nb3 Bb7 15. Nc5
Nb4 16. Be3 Nxc2 17. Bxc2 Bxc5 18. Rac1 Bxe3 19. Rxe3 Nxe4 20. g4 Qe7 21. Rd1
Nf6 22. h4 Nxg4 23. Ng5 Nxe3 24. Bxh7+ Kh8 25. fxe3 g6 26. Rf1 f6 27. Bxg6 Qd7
28. Nf3 Bxf3 29. Rxf3 Qg4+ 30. Kf2 Qxg6 31. Rg3 Qxg3+ 32. Kxg3 Rac8 33. Kg4 Rc2
0-1

[Event "Challenge"]
[Site "http://www.queenalice.com/game.php?id=496997"]
[Date "2008.11.22"]
[Round "-"]
[White "oldfar"]
[Black "shimon"]
[Result "0-1"]
[WhiteElo "1549"]
[BlackElo "1415"]

1. d4 d5 2. Nf3 e6 3. e3 Bd6 4. Bd3 Nf6 5. O-O O-O 6. Re1 Ng4 7. h3 Nf6 8. b3
Nfd7 9. Nbd2 e5 10. e4 c6 11. exd5 cxd5 12. c4 e4 13. Nxe4 dxe4 14. Bxe4 Re8 15.
Ng5 h6 16. Qh5 Qf6 17. Bh7+ Kf8 18. Ne4 Qe6 19. Bd2 Nf6 20. Nxf6 Qxf6 21. Rxe8+
Kxe8 22. Qe2+ Qe7 23. Re1 Qxe2 24. Rxe2+ Kf8 25. d5 Bd7 26. Bd3 a5 27. a4 b6 28.
Bc2 Na6 29. f4 Re8 30. Be3 Bxf4 31. Kf2 Rxe3 32. Rxe3 Bxe3+ 33. Kxe3 Ke7 34. Kd4
f5 35. c5 Nxc5 36. Kc4 g6 37. b4 axb4 38. Kxb4 Kd6 39. Kc4 Bxa4 40. Bxa4 Nxa4
41. g3 g5 42. Kb5 Nc3+ 43. Kc4 Nxd5 44. Kd4 h5 45. Kd3 f4 46. gxf4 Nxf4+ 0-1

[Event "Challenge"]
[Site "http://www.queenalice.com/game.php?id=520016"]
[Date "2009.1.10"]
[Round "-"]
[White "JulianoZontaSC"]
[Black "oldfar"]
[Result "0-1"]
[WhiteElo "1681"]
[BlackElo "1521"]

1. e4 e5 2. f4 Nc6 3. Nf3 d6 4. Bc4 Be6 5. Bxe6 fxe6 6. fxe5 Nxe5 7. Nxe5 dxe5
8. Qh5+ g6 9. Qxe5 Nf6 10. O-O Bg7 11. Qxe6+ Qe7 12. Qxe7+ Kxe7 13. d3 Rad8 0-1

[Event "Challenge"]
[Site "http://www.queenalice.com/game.php?id=642718"]
[Date "2009.8.26"]
[Round "-"]
[White "oldfar"]
[Black "Jimbo48"]
[Result "0-1"]
[WhiteElo "1590"]
[BlackElo "1536"]

1. d4 d5 2. h3 Nc6 3. Nf3 Nf6 4. c3 Bf5 5. Nbd2 e6 6. e3 Bd6 7. Bb5 O-O 8. Bxc6
bxc6 9. Nf1 c5 10. Ng3 Bxg3 11. fxg3 cxd4 12. Nxd4 Be4 13. O-O c5 14. Ne2 Qd6
15. g4 c4 16. g5 Nh5 17. g4 Ng3 18. Rf4 e5 19. Nxg3 exf4 20. Nxe4 Qb6 21. Qd4
dxe4 22. Qxb6 axb6 23. exf4 Rfe8 24. Be3 b5 25. a3 Red8 26. Kf2 g6 27. Re1 b4
28. cxb4 Rd3 29. Kg3 c3 30. Kh4 cxb2 0-1